1948 1360 1135 1302 1340 1043 1199 1210 1762 1889 1424 1884 1313 1799 1125 1462 1180 1079 1150 1548 1346 1708 1449 1022 1947 1636 1647 1198 1280 1785 1619 1478 1068 1114 1940 1710 1253 1831 1335 1914 1765 1654 1070 1373 1848 1756 1405 1266 1791 1693 1042 1015 1820 2000 1699 1438 1463 1877 1943 1884 1407 1258 1872 1285 1905 1392 1380 1242 1252 1355 1155 1416 1885 1151 1541 1618 1674 1760 1400 1207 1022 1251 1006 1602 1736 1210 1751 1509 1919 1462 1695 1407 1956 1914 1212 1660 1720 1637 1405 BCNSPRNW ULIB Ver.6.0+V

เปลี่ยนเป็นภาษาไทย

Change to English
 แสดงรายละเอียดบรรณานุกรม
  กลับหน้าหลัก

Brief Record : Get Marc (ISO 2709) : E-mail record : QR code < ปิดหน้าต่าง
LEADER : 00000nam 2200000uu 4500
001    13399112126
003     ULIB
008    110727s2550||||th 000 0 tha d
020    9789740319283
050  4 HA62^bภ373ส 2550
100 0  ภัทรสินี ภัทรโกศล
245 10 สถิติเพื่อการวิจัยทางวิทยาศาสตร์ /^cภัทรสินี ภัทรโกศล
250    พิมพ์ครั้งที่ 1
260    กรุงเทพฯ :^bสำนักพิมพ์แห่งจุฬาลงกรณ์มหาวิทยาลัย,^c2550
300    435 หน้า :^bภาพประกอบ ;^c26 ซม.
650  4 สถิติ
650  4 สถิติวิเคราะห์
650  4 สถิติศาสตร์
650  4 วิทยาศาสตร์^xระเบียบวิธีทางสถิติ
945    ^p350^l0^i021187
945    ^p350^l0^i021188
995    ทศพร
999 ^a ทศพร
รายการนี้ยังไม่มีแท็ก
คุณยังไม่ได้ล็อกอิน คุณสามารถมีกิจกรรมร่วมกับเว็บไซต์ได้ แต่ต้องล็อกอินก่อน ::
  ล็อกอิน

รายการสื่อสารสนเทศ

ลำดับที่ ประเภท เลขเรียก/บาร์โค้ด สถานที่ สถานะ
- ไม่พบข้อมูล -

รายการใกล้เคียง
    หัวเรื่อง [สถิติ]
    หัวเรื่อง [สถิติวิเคราะห์]
    หัวเรื่อง [สถิติศาสตร์]

BibComment


ยังไม่เคยถูกคอมเมนท์

คอมเมนท์ทรัพยากรรายการนี้
  คอมเมนท์: สถิติเพื่อการวิจั..


 Copyright 2026. Bcnsprnw @Library